header

PHP game programming (Record no. 65744)

MARC details
000 -LEADER
fixed length control field 01086nam a2200289Ia 4500
082 04 - DEWEY DECIMAL CLASSIFICATION NUMBER
Classification number 005.2762
100 1# - MAIN ENTRY--AUTHOR NAME
Personal name Rutledge, Matt.
245 10 - TITLE STATEMENT
Title PHP game programming
260 ## - PUBLICATION, DISTRIBUTION, ETC. (IMPRINT)
Place of publication Boston :
Name of publisher Course PTR, a division of Course Technology,
Year of publication c2004.
300 ## - PHYSICAL DESCRIPTION
Number of Pages xvi, 376 p.
500 ## - GENERAL NOTE
General note Includes index.
650 #0 - SUBJECT ADDED ENTRY--TOPICAL TERM
Topical Term Computer games
Topical Term PHP (Computer program language)
856 40 - ELECTRONIC LOCATION AND ACCESS
Uniform Resource Identifier http://site.ebrary.com/lib/rucke/Doc?id=10053622

No items available.

© 2026 Rongo University
Contact us: librarian | system librarian | Rongo university